Detalles MARC
| 000 -LIDER |
| fixed length control field |
01350nam a22003731 4500 |
| 001 - NÚMERO DE CONTROL |
| Identificador de número de control |
006128 |
| 003 - IDENTIFICACDOR DE NÚMERO DE CONTROL |
| control field |
DO-SdBNP |
| 005 - DATE AND TIME OF LATEST TRANSACTION |
| control field |
20211109082741.0 |
| 007 - CAMPOS FIJOS DE DESCRIPCIÓN FÍSICA |
| fixed length control field |
006128 |
| 008 - ELEMENTOS DE LONGITUD FIJA |
| fixed length control field |
9007252010 dr spa |
| 017 ## - NÚMERO DE REGISTRO DE DERECHOS DE AUTOR |
| Copyright or legal deposit number |
|
| Assigning agency |
|
| 020 ## - ISBN |
| International Standard Book Number |
9945111264 |
| 035 ## - NÚMERO LOCAL |
| System control number |
|
| 040 ## - FUENTE DE CATALOGACIÓN |
| Agencia que crea de manera original el registro |
BPMSU |
| Idioma de catalogación |
spa |
| Agencia que realiza la transcripción |
BPMSU |
| 080 ## - NÚMERO DE CLASIFICACIÓN DECIMAL UNIVERSAL |
| Universal Decimal Classification number |
|
| 080 ## - NÚMERO DE CLASIFICACIÓN DECIMAL UNIVERSAL |
| Universal Decimal Classification number |
|
| 080 ## - NÚMERO DE CLASIFICACIÓN DECIMAL UNIVERSAL |
| Universal Decimal Classification number |
|
| 082 #4 - NÚMERO DE CLASIFICACIÓN DECIMAL DE DEWEY |
| Classification number |
355.027 |
| Item number |
B742p 2010 |
| Edition number |
22 |
| 100 1# - ASIENTO PRINCIPAL -- NOMBRE PERSONAL |
| Nombre personal |
Bosch, Juan |
| Fechas asociadas con el nombre |
1909-2001 |
| 9 (RLIN) |
1 |
| 245 13 - MENCIÓN DE TITULO |
| Título |
El pentagonismo sustituto del imperialismo / |
| Medio (Designación general de material) |
|
| Mención de responsabilidad |
Juan Bosch ; introducción Leonel Fernández : prólogo Juan Luis Cebrián |
| 260 0# - PUBLICACIÓN, DISTRIBUCIÓN, ETC. (PIE DE IMPRENTA) |
| Lugar de publicación, distribución, etc |
Santo Domingo : |
| Nombre del editor, distribuidor, etc. |
Aguilar, |
| Fecha de publicación, distribución, etc |
2010 |
| 300 ## - DESCRIPCIÓN FÍSICA |
| Extensión |
229 p. ; |
| Otros detalles físicos |
|
| Dimensiones |
24 cm |
| 490 ## - MENCIÓN DE SERIES |
| Mención de serie |
|
| Volume/sequential designation |
|
| 500 ## - NOTA GENERAL |
| Nota general |
Incluye datos biográficos del autor en la solapa de la cubierta |
| 500 ## - NOTA GENERAL |
| Nota general |
Este libro fue presentado como tesis ... a la tercera Conferencia Interamericana de Ciencias Políticas y Sociales que tuvo lugar en la Universidad Autónoma de Santo Domingo, República Dominicana, en el mes de noviembre de 1967." |
| 590 ## - NOTA LOCAL |
| Enlace |
Inventariado, 2021/VM |
| 650 #4 - ENCABEZAMIENTO DE MATERIA--TEMÁTICO |
| Término temático o nombre geográfico como elemento de entrada |
Guerra |
| Subdivisión temática general |
Aspectos económicos |
| Subdivisión geográfica |
Estados Unidos |
| Fuente del encabezamiento o término |
|
| 651 #4 - ENCABEZAMIENTO DE MATERIA--NOMBRE GEOGRÁFICO |
| Nombre geográfico |
Estados Unidos |
| Subdivisión temática general |
Política militar |
| Fuente del encabezamiento o término |
|
| 651 #4 - ENCABEZAMIENTO DE MATERIA--NOMBRE GEOGRÁFICO |
| Nombre geográfico |
Estados Unidos |
| Subdivisión temática general |
Política económica |
| Fuente del encabezamiento o término |
|
| 700 12 - ASIENTO SECUNDARIO -- NOMBRE PERSONAL |
| Nombre personal |
Fernández, Leonel |
| Mención de responsabilidad |
introducción |
| 700 ## - ASIENTO SECUNDARIO -- NOMBRE PERSONAL |
| Nombre personal |
Cebrián, Juan Luis |
| 910 ## - VALIDACIÓN |
| Validación |
VMateo V. |
| 942 ## - ADDED ENTRY ELEMENTS (KOHA) |
| Source of classification or shelving scheme |
Dewey Decimal Classification |
| Koha item type |
Libros |